banner-ar

كيف تقوى ذاكرتك / (Record no. 53958)

MARC details
000 -الفاتح
حقل البيانات ثابتة الطول 00517nam a2200181Ia 4500
008 - عناصر البيانات ثابتة الطول - معلومات عامة
حقل البيانات ثابتة الطول 140319s9999 xx 000 0 ara d
040 ## - مصدر الفهرسة
وكالة الفهرسة الأصلية GCL /
وكالة النسخ GCL
082 04 - رقم تصنيف ديوى العشرى
رقم التصنيف 153
رقم المادة ص ك
100 1# - المدخل الرئيسى - إسم شخصى
الإسم الشخصى صبحى الجبار
245 10 - بيان العنوان
العنوان كيف تقوى ذاكرتك /
بيان المسئوليه,etc صبحى الجبار
260 ## - PUBLICATION, DISTRIBUTION, ETC. (IMPRINT)
تاريخ النشر أو التوزيع 1986
300 ## - الوصف المادى
التعداد 167 ص
490 ## - بيان السلسلة
عنوان السلسلة اضواء على حياتك
رقم المجلد/ التعيين التسلسلي 0
650 04 - المدخل الاضافى بالموضوع-مصطلح موضوعى
مصطلح موضوعي علم النفس
650 04 - المدخل الاضافى بالموضوع-مصطلح موضوعى
مصطلح موضوعي تقوية الذاكرة
942 ## - عناصر المدخل الإضافي( كوها)
مصدر التصنيف او مخطط الترفيف Dewey Decimal Classification
Koha [default] item type كتاب
260 ## - PUBLICATION, DISTRIBUTION, ETC. (IMPRINT)
-- [S.N] :
-- دار المعارف ،
Holdings
حالة التراجع حالة الفقد حالة تلف ليس للاعارة المكان المؤقت الموقع الحالى تاريخ الاكتساب اجمالي اﻻعارات رقم الطلب الباركود تاريخ اخر مشاهدة تاريخ تفعيل السعر نوع وعاء كوها
        مكتبة القاهرة الكبرى مكتبة القاهرة الكبرى 03/26/2014   153\ص ك 129858 03/26/2014 03/26/2014 كتاب
        مكتبة القاهرة الكبرى مكتبة القاهرة الكبرى 03/26/2014   153\ص ك 129859 03/26/2014 03/26/2014 كتاب

Powered By

EGPV